Birds

محفوظ في:
التفاصيل البيبلوغرافية
المؤلف الرئيسي: Kertész, André 1894-1985
مؤلفون آخرون: Ducrot, Nicolas (المحرر)
التنسيق: غير معروف
اللغة:الإنجليزية
منشور في: New York, USA ‎ Mayflower Books 1979
الموضوعات:
الوسوم: إضافة وسم
لا توجد وسوم, كن أول من يضع وسما على هذه التسجيلة!

MARC

LEADER 00000 a2200000 4500
003 CL-VaPUC
005 20210825114831.0
008 210720b1979 ||||| |||| 00| 0 eng d
999 |c 433342  |d 433340 
020 |a  0831708743 
040 |c Pontificia Universidad Católica de Valparaíso 
082 |a 779.32 KER 1979 
100 |a Kertész, André   |d 1894-1985  |9 862106 
245 |a Birds 
260 |a New York, USA  |b  ‎ Mayflower Books  |c 1979 
300 |a 64 páginas;  |b fotografías en blanco y negro 
583 |k Cristina Rojas  |c 20210720 
600 0 |a Kertész, André   |d 1894-1985  |9 862106 
650 |a Pájaros   |v Fotografías   |9 862295 
700 |a Ducrot, Nicolas  |e editor  |9 862251 
942 |2 ddc  |c BK 
952 |0 0  |1 0  |2 ddc  |4 0  |6 779_320000000000000_KER_1979  |7 0  |8 R  |9 578439  |a BIBART  |b BIBART  |d 2021-07-15  |e 139  |g 0.00  |i 5586526  |o 779.32 KER 1979  |p 5586526  |r 2025-03-13  |t 1  |v 0.00  |w 2021-07-15  |y BK_R  |k ART